Insects & other invertebrates (Record no. 31143)

MARC details
000 -LEADER
fixed length control field 00441nam a2200181Ia 4500
020 ## - INTERNATIONAL STANDARD BOOK NUMBER
ISBN 0717258947
050 ## - CALL MARK
Classification number QL 467.2 .P74/
100 ## - STATEMENT OF RESPONSIBILITY--MAIN AUTHOR NAME
Personal name Preston-Mafham, Ken
245 #0 - TITLE STATEMENT
Title Insects & other invertebrates
260 ## - PUBLICATION, DISTRIBUTION, ETC. (IMPRINT)
Place of publication Danbury
260 ## - PUBLICATION, DISTRIBUTION, ETC. (IMPRINT)
Name of publisher Grolier
260 ## - PUBLICATION, DISTRIBUTION, ETC. (IMPRINT)
Year of publication 2004
300 ## - PHYSICAL DESCRIPTION
Number of Pages 128 p
650 ## - SUBJECT ADDED ENTRY--TOPICAL TERM
Topical Term Insects--Juvenile literature.
942 ## - ADDED ENTRY ELEMENTS (KOHA)
Koha item type Books
Holdings
Withdrawn status Lost status Source of classification or shelving scheme Damaged status Not for loan Permanent Location Current Location Date acquired Accession Number Price effective from Koha item type
    Library of Congress Classification     NILE UNIVERSITY OF NIGERIA - MAIN LIBRARY NILE UNIVERSITY OF NIGERIA - MAIN LIBRARY 04/23/2025 0195022 04/23/2025 Books